<?xml version="1.0" encoding="UTF-8"?>
<record
    xmlns:xsi="http://www.w3.org/2001/XMLSchema-instance"
    xsi:schemaLocation="http://www.loc.gov/MARC21/slim http://www.loc.gov/standards/marcxml/schema/MARC21slim.xsd"
    xmlns="http://www.loc.gov/MARC21/slim">

  <leader>00530nam a2200145   4500</leader>
  <datafield tag="999" ind1=" " ind2=" ">
    <subfield code="c">107359</subfield>
    <subfield code="d">107359</subfield>
  </datafield>
  <controlfield tag="005">20180906101517.0</controlfield>
  <controlfield tag="008">180906b           ||||| |||| 00| 0 eng d</controlfield>
  <datafield tag="040" ind1=" " ind2=" ">
    <subfield code="c">PK-LaUMT</subfield>
  </datafield>
  <datafield tag="082" ind1=" " ind2=" ">
    <subfield code="a">220</subfield>
    <subfield code="b">HOL-</subfield>
  </datafield>
  <datafield tag="245" ind1=" " ind2=" ">
    <subfield code="a">The Holy Bible containing the old and new testaments :</subfield>
    <subfield code="b">translated out of the original tongues; and with tye former translations diligently compared and revised, by His Majesty's special command /</subfield>
  </datafield>
  <datafield tag="260" ind1=" " ind2=" ">
    <subfield code="a">Cambridge :</subfield>
    <subfield code="b">The University Press,</subfield>
    <subfield code="c">1847</subfield>
  </datafield>
  <datafield tag="300" ind1=" " ind2=" ">
    <subfield code="a">1014 p.</subfield>
  </datafield>
  <datafield tag="650" ind1=" " ind2=" ">
    <subfield code="a">Holy Bible</subfield>
  </datafield>
  <datafield tag="942" ind1=" " ind2=" ">
    <subfield code="c">BK</subfield>
  </datafield>
  <datafield tag="952" ind1=" " ind2=" ">
    <subfield code="0">0</subfield>
    <subfield code="1">0</subfield>
    <subfield code="4">0</subfield>
    <subfield code="7">0</subfield>
    <subfield code="a">01</subfield>
    <subfield code="b">01</subfield>
    <subfield code="d">2018-09-06</subfield>
    <subfield code="l">1</subfield>
    <subfield code="o">220 HOL-</subfield>
    <subfield code="p">124227</subfield>
    <subfield code="r">2025-12-31 12:42:24</subfield>
    <subfield code="s">2025-12-31</subfield>
    <subfield code="w">2018-09-06</subfield>
    <subfield code="y">BK</subfield>
  </datafield>
</record>
